Ten Random Facts #2 - Statistics

General Stats
  • This quiz has been taken 17 times
  • The average score is 5 of 10
Answer Stats
Question Answer % Correct
What is the most commonly used word in the English language? the
100%
One country is also a continent. Which one is it? Australia
93%
There are five countries that are located in Europe as well as Asia. Name one. Russia, Georgia, Turkey, Kazakhstan, Azerbaijan
93%
What is the collective noun for a group of geese on the ground? Gaggle
47%
Tetris was designed by a computer engineer from which country? USSR
47%
What is the collective noun for a group of geese flying closely together, or a unit of cheese? Wedge
33%
There is a city in the United States where it is illegal to eat a donut while walking backwards at the same time. What state is this city in? Ohio
20%
In order, what are all six letters immediately revealed in the bonus round of Wheel of Fortune? R, S, T, L, N, E
13%
Where did muenster cheese originate? The United States
13%
What was the answer to the 1,000th Wordle puzzle on the New York Times? Erupt
7%
No matching quizzes found
Score Distribution
Percent of People with Each Score
Percentile by Number Answered
Your Score History
You have not taken this quiz